Priame zahraničné investície Slovenskej republiky bakalárska práca

Salvato in:
Dettagli Bibliografici
Autore principale: Bista, Samuel
Ente Autore: Fakulta medzinárodných vzťahov EU. Katedra medzinárodných ekonomických vzťahov a hospodárskej diplomacie
Altri autori: Janubová, Barbora, 1991-
Natura: Libro
Lingua:slovacco
Pubblicazione: Bratislava 2023
Tags: Aggiungi Tag
Nessun Tag, puoi essere il primo ad aggiungerne!!

MARC

LEADER 00000nbm a2200000 4500
001 0293182
005 20240320092016.2
041 0 |a slo 
044 |a SK 
245 1 0 |a Priame zahraničné investície Slovenskej republiky  |b bakalárska práca  |c Samuel Bista ; školiteľ: Barbora Janubová 
264 1 |a Bratislava  |c 2023 
300 |a 57 s. 
100 1 |a Bista, Samuel 
700 1 |a Janubová, Barbora, 1991- 
710 2 |a Fakulta medzinárodných vzťahov EU. Katedra medzinárodných ekonomických vzťahov a hospodárskej diplomacie